000 00783cam a22002414a 4500
001 15854892
005 20180314054240.0
008 090805s2010 ohua b 001 0 eng
010 _a 2009934265
020 _a9780538751070 (pbk.)
040 _aDLC
_cDLC
041 _aeng
080 _a338 HIL
082 _a338 HIL
100 1 _a54
101 _aMEN
245 1 0 _aStrategic management theory :
_cCharles W.L. Hill, Gareth R. Jones.
246 1 4 _aStrategic management : an integrated approach : theory
504 _aIncludes bibliographical references and index.
906 _a7
_bcbc
_corignew
_d3
_eepcn
_f20
_gy-gencatlg
942 _2ddc
_cBK
999 _c44985
_d44985